000 00529nam a2200145 a 4500
001 000028661
005 20200930055049.0
008 110411s1993 dr a 000 0 spa d
040 _aDO-SdBNP
_bspa
_cBNPHU
245 0 0 _aCurso-taller sobre técnicas de preparación y evaluación de presupuestos /.
260 _aSanto Domingo :
_bCentro de Capacitación y Actualización Profesional (DECAPRO),
_c1993.
300 _a63 P. ;
_c22 cm.
500 _aIncluye referencias bibliográficas y nota al pie de las páginas
049 _aBNPD
999 _c28153
_d28153